[Event "Santos Paulista-ch"]
[Site "Santos"]
[Date "2011.12.03"]
[Round "4"]
[White "De Paula, Luciano Alves"]
[Black "Marino, Felipe Gabriel"]
[Result "1/2-1/2"]
[WhiteElo "1787"]
[BlackElo "1604"]
[PlyCount "132"]
[EventDate "2011.12.02"]
[EventType "swiss"]
[EventRounds "6"]
[EventCountry "BRA"]
[SourceTitle "CBM 146 Extra"]
[Source "ChessBase"]
[SourceDate "2012.02.29"]
[SourceVersion "1"]
[SourceVersionDate "2012.02.29"]
[SourceQuality "1"]

1. d4 d5 2. c4 c6 3. e3 Nf6 4. Nc3 Bf5 5. Nf3 e6 6. Qb3 Qc7 7. Be2 dxc4 8. Qxc4 Bd6 9. 0-0 Nbd7 10. h3 0-0 11. Nh4 Be4 12. Nxe4 Nxe4 13. Qd3 Nef6 14. e4 e5 15. Bg5 exd4 16. Qxd4 Be5 17. Qb4 a5 18. Qc4 b5 19. Qc2 Qb6 20. Nf3 Rfe8 21. Be3 Qb7 22. Nxe5 Rxe5 23. Bd3 c5 24. f4 Ree8 25. e5 c4 26. Bf5 Nf8 27. Bc5 Nd5 28. Be4 Qc7 29. Bxf8 Kxf8 30. Qf2 Rad8 31. Rad1 Ne7 32. Qh4 h6 33. Qf2 Kg8 34. Kh1 Ng6 35. Bxg6 fxg6 36. Qg3 Kh7 37. Qf3 Rxd1 38. Rxd1 Rf8 39. Qe4 Qf7 40. g3 Qe6 41. g4 h5 42. Rd6 Qf7 43. gxh5 Qxf4 44. hxg6+ Kh6 45. Qxf4+ Rxf4 46. Rd5 b4 47. Rxa5 Kxg6 48. Ra4 Kf5 49. Rxb4 Kxe5 50. Kg2 Rd4 51. a4 Kf4 52. Kf2 Rd2+ 53. Ke1 Ke3 54. Rxc4 Rxb2 55. Rc3+ Kd4 56. Ra3 Kc5 57. Rg3 Ra2 58. Rg5+ Kd6 59. a5 Ra3 60. a6 Rxh3 61. Ra5 Rh8 62. Rg5 Ra8 63. Rxg7 Kc6 64. Kd2 Rxa6 65. Rg6+ Kb7 66. Rxa6 Kxa6 1/2-1/2

[Event "Goiania Interamerica Schools"]
[Site "Goiania"]
[Date "2011.06.19"]
[Round "4"]
[White "Almeida, Douglas de Castro"]
[Black "De Paula, Luciano Alves"]
[Result "1-0"]
[WhiteElo "1799"]
[BlackElo "1783"]
[PlyCount "49"]
[EventDate "2011.06.18"]
[EventType "swiss"]
[EventRounds "5"]
[EventCountry "BRA"]
[SourceTitle "EXT 2012"]
[Source "ChessBase"]
[SourceDate "2011.11.24"]
[SourceVersion "1"]
[SourceVersionDate "2011.11.24"]
[SourceQuality "1"]

1. e4 c5 2. Nc3 Nc6 3. g3 g6 4. Bg2 Bg7 5. d3 d6 6. Be3 Nf6 7. h3 0-0 8. Qd2 a6 9. Nd1 Rb8 10. c3 b5 11. Ne2 b4 12. 0-0 Qc7 13. f4 Bb7 14. g4 e6 15. f5 exf5 16. gxf5 Ne5 17. Ng3 a5 18. Nf2 d5 19. Bf4 Qe7 20. Bh6 dxe4 21. dxe4 Nc4 22. Qg5 Nxb2 23. Bxg7 Kxg7 24. Nh5+ Kg8 25. Qxf6 1-0

[Event "Maceio op"]
[Site "Maceio"]
[Date "2011.05.27"]
[Round "3"]
[White "De Moura, Sergio Jovelino"]
[Black "De Paula, Luciano Alves"]
[Result "1/2-1/2"]
[WhiteElo "2094"]
[BlackElo "1783"]
[PlyCount "40"]
[EventDate "2011.05.26"]
[EventType "swiss"]
[EventRounds "7"]
[EventCountry "BRA"]
[SourceTitle "EXT 2012"]
[Source "ChessBase"]
[SourceDate "2011.11.24"]
[SourceVersion "1"]
[SourceVersionDate "2011.11.24"]
[SourceQuality "1"]

1. e4 c5 2. f4 Nc6 3. Nf3 e6 4. Nc3 Nge7 5. Bb5 a6 6. Bxc6 Nxc6 7. 0-0 Be7 8. Qe1 0-0 9. Qg3 b5 10. b3 Bb7 11. d3 Qc7 12. Bb2 f6 13. a4 b4 14. Ne2 d5 15. Nd2 Rac8 16. Qh3 Qd6 17. exd5 exd5 18. Ng3 Rce8 19. Nf5 Qc7 20. Nxe7+ Qxe7 1/2-1/2